000
00329nam a2200145Ia 4500
100
_a
Russell/Stuart
250
_a
2
942
_c
BK
654
_a
artificial
245
_a
Artificial Intelligence: Modern approach
260
_b
Pearson Education
_a
New Delhi
_c
2004
082
_a
6.3
_b
RUS
300
_a
1080
546
_a
ENGLISH
999
_c
34985
_d
34985